000 01906nam a2200385 c 4500
003 BLK
005 20231220005231.0
008 180408b bul|||||r ||||||| ||bul||
010 _aKNG00077898000
020 _a954-527-270-8
_bиздат.: Дамян Яков
040 _aBLK
041 _aBUL
_cBUL
080 _aАнглийска литература
_b821.111
_x-93-32
_z821.111-93-32
100 1 _aКарол, Луис
_eпърви автор
_gДоджсон, Чарлз
_9247911
700 _aКомогорова, Светлана Николаева
_9364272
700 1 _aВълкова, Силвия
_eпрев.
_9365576
700 1 _aТениъл, Джон
_eил.
_9128371
139 _aКарол, Луис
_bК 42
245 1 0 _aАлиса в Огледалния свят или През огледалото и какво откри Алиса там
_cЛуис Карол; прев. от англ. Светлана Николаева Комогорова; прев. Силвия Вълкова; ил. Джон Тениъл.
250 _a2. прераб. изд.
257 _aGBR
260 София
_bДамян Яков
_c2005
_fСофия : Симолини 94
300 _a160 с.
_bс ил.
_c22 см
380 _aDX
500 _aОриг. загл. Through the Looking-Glass and what Alice found there / Lewis Carroll ; Кор. загл. Алиса в огледалния свят. - Луис Карол - псевд. на Чарлз Латуидж Доджсън. - 1. изд. 1996.
653 _aприказни повести
653 _aлитература за деца
653 _aдетска литература
852 _aЦб 235762
856 4 _qpdf
_u
856 4 _qpdf
_u
942 _cKNG
_n0
_07
944 _aCR
_c29.08.2007
_lCRON CRON
_k
944 _aED
_c10.06.2016
_lф /
_kЛюдмила_Стоянова
999 _c73503
_d73503